000 01730cam a22002054a 4500
005 20250605163637.0
008 250528s ||||||||||||||||||||||||d
035 _a23357
020 _a9603514748
040 _aGR-AtMCL
_bgre
_dGR-AtMCL
_eAACR2
245 1 _aΣτρατηγικό Μάρκετινγκ
250 _a
260 _bΣταμούλης Α,
_c2004
300 _a808
520 _aΗ Έννοια της Στρατηγικής στις Επιχειρήσεις και η Στρατηγική του Μάρκετινγκ, Στρατηγικός Σχεδιασμός Μάρκετινγκ, Το Ανταγωνιστικό Πλεονέκτημα, Το Σχέδιο Μάρκετινγκ, Ανάλυση Πωλήσεων και Εξωτερικού Περιβάλλοντος και Ευκαιριών, Ανάλυση Ελκυστικότητας Βιομηχανίας, Ανάλυση Ανταγωνιστών, Ανάλυση Πελατών, Μέθοδοι Πρόβλεψης Πωλήσεων και Δυνατότητας Αγοράς, Στρατηγική Τμηματοποίηση και Στόχευση και Τοποθέτηση, Στρατηγικές Τιμολόγησης Προιόντων, Στρατηγικές Διανομής Προιόντων, Στρατηγικές Ανάπτυξης και Μεριδίου Αγοράς, Παγκόσμιες Στρατηγικές Μάρκετινγκ, Στρατηγικές Πολέμου Μάρκετινγκ, Εφαρμογή και Αξιολόγηση και Έλεγχος του Στρατηγικού Σχεδιασμού Μάρκετινγκ.
700 1 _aΣιώμκος Γεώργιος Ι
942 _cBK
999 _c8382
_d8382